Générique Les Misérables - Paroles - Statistiques

Statistiques générales
  • Ce quiz a été pris 12 fois
  • Le résultat moyen est 7 sur 10
Statistiques - réponses
Paroles % Correct
Venez écouter bonnes {gens}
100%
La ballade des {pauvres} gens
83%
Ils gagneront, les {Misérables}
75%
Ils gagneront, les {Misérables}
75%
Qu'on appelle les {Misérables}
75%
Ils n'habitent pas les beaux {quartiers}
67%
Ils n'ont pas toujours à {manger}
67%
L'histoire de {Cosette}
67%
Et de ce pauvre {diable}
42%
Le destin les {accable}
42%
Aucun quiz correspondant
Distribution des résultats
% des personnes avec chaque résultat
Percentile par nombre de réponses
Votre historique - résultats
Vous n’avez pas pris ce quiz